ចៅពស់កេងកង : (Record no. 8716)

MARC details
000 -LEADER
fixed length control field 02312nam a22003017a 4500
001 - CONTROL NUMBER
control field 8716
003 - CONTROL NUMBER IDENTIFIER
control field FISKH
005 - DATE AND TIME OF LATEST TRANSACTION
control field 20251013161857.0
008 - FIXED-LENGTH DATA ELEMENTS--GENERAL INFORMATION
fixed length control field 251013b cb ||||| |||| 00| 0 eng d
020 ## - INTERNATIONAL STANDARD BOOK NUMBER
International Standard Book Number 9789995099879
040 ## - CATALOGING SOURCE
Original cataloging agency FISKH
Language of cataloging khr
Transcribing agency FISKH
Modifying agency FISKH
082 ## - DEWEY DECIMAL CLASSIFICATION NUMBER
Classification number 398.209596
100 ## - MAIN ENTRY--PERSONAL NAME
Personal name Sotheary, Kimsun
245 ## - TITLE STATEMENT
Title ចៅពស់កេងកង :
Remainder of title The granddaughter of Keng Kang snake /
Statement of responsibility, etc. អ្នកស្រី គឹមស៊ុន សុធារី , គណះកម្មការអំនាន អ្នកនាង វ៉ាត ចរិយា និង កញ្ញា វុិច វឌ្ឍនា
260 ## - PUBLICATION, DISTRIBUTION, ETC.
Place of publication, distribution, etc. Phnom Penh :
Name of publisher, distributor, etc. Reading Books ,
Date of publication, distribution, etc. 2009.
300 ## - PHYSICAL DESCRIPTION
Extent 20 pages :
Other physical details color illustrations ;
Dimensions 25 cm .
490 ## - SERIES STATEMENT
Series statement ពិភពរឿងនិទាន
505 ## - FORMATTED CONTENTS NOTE
Formatted contents note L <br/>
520 ## - SUMMARY, ETC.
Summary, etc. ប្តីរបស់សូរិយា​ត្រូវបណ្តាសាក្លាយទៅជាថ្ម ចំនែកនាងក៏សំងំសម្រាលកូននៅក្នុងព្រៃតែម្នាក់ឯង ។ តែកូននាងកើតមកមានពស់នៅពេញក្បាល​ ។ នៅក្នុងព្រៃសូរិយាត្រូវបានអាបយកនាងធ្វើជាទាយាទ ។ សំណាងល្អបានចៅពស់កេងកងនិងសត្វសេក​ ជួយសម្លាប់អាបនោះ ក្រាយមកពួកគេក៏រួចផុតពីបណ្តាសា ហើយក៏បានរស់នៅយ៉ាងសុខសាន្ត​៕
520 ## - SUMMARY, ETC.
Summary, etc. Soriya’s husband was cursed and turned into stone, leaving her alone to give birth in the forest. When her child was born, there was a snake on the top of his head. While living in the forest, Soriya was captured by a sorceress who made her a servant. Luckily, the Snake King's son and a parrot came to help defeat the sorceress. After that, the curse was lifted, and they all lived happily ever after.
521 8# - TARGET AUDIENCE NOTE
Target audience note 530 <br/>
Source Lexile estimate <br/>
521 8# - TARGET AUDIENCE NOTE
Target audience note L <br/>
Source Raz-Plus <br/>
650 ## - SUBJECT ADDED ENTRY--TOPICAL TERM
Topical term or geographic name entry element ចៅពស់កេងកង
650 ## - SUBJECT ADDED ENTRY--TOPICAL TERM
Topical term or geographic name entry element Granddaughter of Keng Kang snake
700 ## - ADDED ENTRY--PERSONAL NAME
Personal name San, Thai
Relator term Illustrator
942 ## - ADDED ENTRY ELEMENTS (KOHA)
Source of classification or shelving scheme Dewey Decimal Classification
Koha item type Khmer Books
Suppress in OPAC No
Holdings
Withdrawn status Lost status Source of classification or shelving scheme Damaged status Not for loan Collection Home library Current library Shelving location Date acquired Total Checkouts Full call number Barcode Date due Date last seen Date last checked out Copy number Price effective from Koha item type
    Dewey Decimal Classification     Khmer-English Bilingual / ភាសាខ្មែរ-អង់គ្លេស Footprints International School Library Network Toul Tom Poung Campus Footprints International School Library Network Toul Tom Poung Campus TTP Primary Khmer Bookshelves 10/13/2025 1 SOT 398.209596 FISBK03870 04/17/2026 04/03/2026 04/03/2026 1 10/13/2025 Khmer Books
    Dewey Decimal Classification     Khmer-English Bilingual / ភាសាខ្មែរ-អង់គ្លេស Footprints International School Library Network Toul Tom Poung Campus Footprints International School Library Network Toul Tom Poung Campus TTP Primary Khmer Bookshelves 10/13/2025   SOT 398.209596 FISBK03896   10/13/2025   2 10/13/2025 Khmer Books
    Dewey Decimal Classification     Khmer-English Bilingual / ភាសាខ្មែរ-អង់គ្លេស Footprints International School Library Network Toul Tom Poung Campus Footprints International School Library Network Toul Tom Poung Campus TTP Primary Khmer Bookshelves 11/28/2025   SOT 398.209596 2025-4986   11/28/2025   3 11/28/2025 Khmer Books